Quelle proposition n'est pas un pays dans le continent - Statistiques

Statistiques générales
  • Ce quiz a été pris 76 fois
  • Le résultat moyen est 13 sur 15
Statistiques - réponses
Question Réponse % Correct
Europe Turquie
97%
en Océanie Antigua et Barbuda
96%
en Europe Arménie
96%
En Amérique du Sud Honduras
96%
en Europe Sainte Lucie
96%
en Afrique Suriname
96%
en Amérique du Sud Costa Rica
94%
Amérique du Nord France
94%
en Afrique Jordanie
94%
en Amérique du nord États fédérés de Micronésie
92%
en Afrique Tonga
89%
en Océanie Saint Christophe et Niévès
85%
en Asie Paouasie nouvelle Guinée
83%
en Asie Seychelles
82%
en Asie Hong Kong
50%
Aucun quiz correspondant
Distribution des résultats
% des personnes avec chaque résultat
Percentile par nombre de réponses
Votre historique - résultats
Vous n’avez pas pris ce quiz